Načítá se...

Power and society (അധികാരവും സമൂഹവും): a study pertaining to the novels of Kesavadev (കേശവദേവിന്റെ നോവലുകളെ മുൻനിർത്തിയുള്ള പഠനം) /

Podrobná bibliografie
Hlavní autoři: Jibu Thomas, Researcher, Bhadran Pillai, R, Guide
Korporativní autor: Mahatma Gandhi University, Kottayam Department of Malayalam, Catholicate college, Pathanamthitta
Médium: Ph.D Thesis
Vydáno: Kottayam: Mahatma Gandhi University, 2017.
Témata:
On-line přístup:http://www.mgutheses.in/page/?q=T%203189&search=&page=1&rad=acc#Page
LEADER 01189nam a22002057a 4500
999 |c 160429  |d 160425 
082 |a RT 894.812 3 KES 09  |b Q7 
100 |a Jibu Thomas, Researcher  |9 187256 
100 |a Bhadran Pillai, R, Guide  |9 187257 
245 |a Power and society (അധികാരവും സമൂഹവും):  |b a study pertaining to the novels of Kesavadev (കേശവദേവിന്റെ നോവലുകളെ മുൻനിർത്തിയുള്ള പഠനം) /  |c Jibu Thomas; Guided by Dr. R Bhadran Pillai 
260 |a Kottayam:  |b Mahatma Gandhi University,  |c 2017. 
300 |a 298p. 
650 |a Thesis (Ph.D.)- Malayalam  |9 187258 
650 |a Dissertation, academic (Ph.D.)  |9 187259 
650 |a Malayalam Literature,  |9 187260 
650 |a P Kesavadev  |9 187261 
710 |a Mahatma Gandhi University, Kottayam  |b Department of Malayalam, Catholicate college, Pathanamthitta   |f 17/10/2017  |k Thesis  |9 187262 
856 |u http://www.mgutheses.in/page/?q=T%203189&search=&page=1&rad=acc#Page 
942 |c THES 
952 |0 0  |1 0  |4 0  |6 RT_894_812000000000000_3_KES_09_Q7  |7 1  |8 THES  |9 158915  |a MGUL  |b MGUL  |c GEN  |d 2018-11-02  |l 0  |o RT 894.812 3 KES 09 Q7  |p T03189  |r 2018-11-02  |w 2018-11-02  |y THES